Los cuadernos de los alumnos : (Record no. 88409)
[ view plain ]
| 000 -CABECERA | |
|---|---|
| campo de control de longitud fija | 00725nam a2200205 a 4500 |
| 005 - FECHA Y HORA DE LA ÚLTIMA TRANSACCIÓN | |
| campo de control | 20250116063906.0 |
| 008 - ELEMENTOS DE LONGITUD FIJA--INFORMACIÓN GENERAL | |
| campo de control de longitud fija | 020110s1996 es r 000 0 spa d |
| 020 ## - NÚMERO INTERNACIONAL NORMALIZADO PARA LIBROS | |
| Número Internacional Estándar del Libro | 8487118682 |
| 035 ## - NÚMERO DE CONTROL DEL SISTEMA | |
| Número de control de sistema | UPN01000114502 |
| 049 ## - COLECCIÓN | |
| Colección | CG |
| 050 #4 - SIGNATURA TOPOGRÁFICA DE LA BIBLIOTECA DEL CONGRESO | |
| Número de clasificación | LB1601.5 |
| Número de documento/Ítem | C8.2 |
| 245 04 - MENCIÓN DE TÍTULO | |
| Título | Los cuadernos de los alumnos : |
| Resto del título | una evaluación del currículo real / |
| Mención de responsabilidad, etc. | Jesús Miguel Grilles Rodríguez ... [et al.]. |
| 260 ## - PUBLICACIÓN, DISTRIBUCIÓN, ETC. | |
| Lugar de publicación, distribución, etc. | Sevilla, Esp. : |
| Nombre del editor, distribuidor, etc. | Ministerio de Educación y Cultura : |
| -- | Díada, |
| Fecha de publicación, distribución, etc. | 1996. |
| 300 ## - DESCRIPCIÓN FÍSICA | |
| Extensión | 98 p. |
| 440 #0 - MENCIÓN DE SERIE/ASIENTO SECUNDARIO--TÍTULO | |
| Título | Investigación y enseñanza. |
| Nombre de parte o sección de la obra | Práctica ; |
| Designación de volumen o secuencia | 13 |
| 650 #2 - ASIENTO SECUNDARIO DE MATERIA - TERMINO TEMATICO | |
| Término de materia o nombre geográfico como elemento de entrada | Anotaciones |
| 9 (RLIN) | 4749 |
| 650 #4 - ASIENTO SECUNDARIO DE MATERIA - TERMINO TEMATICO | |
| Término de materia o nombre geográfico como elemento de entrada | Educación |
| Subdivisión geográfica | Chile |
| Subdivisión de forma | Planes y programas |
| 9 (RLIN) | 11818 |
| 700 1# - ASIENTO SECUNDARIO--NOMBRE DE PERSONAL | |
| Nombre de persona | Grilles Rodríguez, Jesús Miguel, |
| Término indicativo de función/relación | coaut. |
| 905 ## - TIPO DE MATERIAL | |
| Tipo de material | Libro |
| Estado de retiro | Estado de pérdida | Fuente del sistema de clasificación o colocación | Estado dañado | No para préstamo | Código de colección | Localización permanente | Ubicación/localización actual | Ubicación en estantería | Total de préstamos | Clasificación | Código de barras | Fecha visto por última vez | Número de copia | Tipo de ítem Koha |
|---|---|---|---|---|---|---|---|---|---|---|---|---|---|---|
| Library of Congress Classification | Colección General | Bib. Gregorio Torres Quintero | Bib. Gregorio Torres Quintero | Planta baja | LB1601.5 C8.2 | 176863 | 31/12/2020 | 1 | Libro | |||||
| Library of Congress Classification | Colección General | Bib. Gregorio Torres Quintero | Bib. Gregorio Torres Quintero | Planta baja | 4 | LB1601.5 C8.2 | 187222 | 31/12/2020 | 1 | Libro | ||||
| Library of Congress Classification | Colección General | Bib. Gregorio Torres Quintero | Bib. Gregorio Torres Quintero | Planta baja | 2 | LB1601.5 C8.2 | 203944 | 31/12/2020 | 1 | Libro | ||||
| Library of Congress Classification | Colección General | Bib. Gregorio Torres Quintero | Bib. Gregorio Torres Quintero | Planta baja | 1 | LB1601.5 C8.2 | 176864 | 31/12/2020 | 1 | Libro |
